Histoire éternelle - La Belle et la Bête [Paroles entières] - Statistiques

Statistiques générales
  • Ce quiz a été pris 2 117 fois
  • Le résultat moyen est 83 sur 100
Statistiques - réponses
X Paroles % Correct
Strophe Et
100%
et
100%
éternelle
99%
De
97%
de
97%
Strophe Histoire
97%
La
94%
la
94%
ne
94%
se
93%
Belle
92%
Bête
92%
en
92%
jamais
91%
Un
91%
deux
90%
Qu'on
90%
inconnus
89%
Une
88%
secret
87%
plus
86%
Que
86%
rien
86%
Strophe Rien
86%
croit
85%
n'est
85%
pareil
85%
pas
85%
comme
84%
geste
84%
Qu'un
84%
chose
83%
fleur
83%
grand
83%
imprévu
83%
Rapproche
83%
ressemble
83%
rose
83%
papillon
81%
C'est
80%
c'est
80%
les
80%
son
80%
soudain
80%
L'histoire
79%
l'on
79%
coeur
78%
Mais
78%
offerte
78%
on
78%
pose
78%
Sur
78%
s'est
76%
trompé
76%
comment
75%
fête
75%
leur
75%
savoir
75%
y
75%
aile
74%
change
74%
étrange
74%
Sans
74%
voir
74%
Strophe Chanson
73%
même
72%
penser
72%
peur
72%
Touche
72%
Strophe Tout
72%
envolée
71%
étoiles
71%
vrai
70%
cachette
66%
Aux
65%
fanés
61%
refrains
61%
S'éteignent
57%
Aucun quiz correspondant
Distribution des résultats
% des personnes avec chaque résultat
Percentile par nombre de réponses
Votre historique - résultats
Vous n’avez pas pris ce quiz